Local program summaries : clean cities 2000 /

Bibliographic Details
Corporate Author: Texas Natural Resource Conservation Commission
Format: Government Document Book
Language:English
Published: Austin, Tex. : The Commission, [1996]
Subjects:

MARC

Tag First Indicator Second Indicator Subfields
LEADER 00000cam a2200000 a 4500
001 in00001341521
005 20151006050900.0
008 970103s1996 txu s000 0 eng d
035 |a (OCoLC)36151615 
035 |9 AHF2211AM 
040 |a IKM  |c IKM  |d TXA  |d UtOrBLW 
049 |a TXAO 
086 |a N330.8 L786 1996  |2 txdocs 
110 2 |a Texas Natural Resource Conservation Commission. 
245 1 0 |a Local program summaries :  |b clean cities 2000 /  |c Texas Natural Resource Conservation Commission. 
246 3 0 |a Clean cities 2000 
264 1 |a Austin, Tex. :  |b The Commission,  |c [1996] 
300 |a ii, 70 pages :  |b illustrations, map ;  |c 28 cm. 
336 |a text  |b txt  |2 rdacontent 
337 |a unmediated  |b n  |2 rdamedia 
338 |a volume  |b nc  |2 rdacarrier 
500 |a "October 1996." 
500 |a "GI-188." 
650 0 |a Municipal government  |z Texas. 
650 0 |a Factory and trade waste  |x Government policy  |z Texas. 
650 0 |a Refuse and refuse disposal  |z Texas. 
650 0 |a Air quality management  |x Government policy  |z Texas. 
650 0 |a Environmental policy  |z Texas. 
999 |a MARS 
999 f f |s fcb41250-5a22-3c8a-b3f8-cbee4ff6f84e  |i 30defa59-6530-32ff-98bd-fd50ddfdbaee  |t 0 
952 f f |p normal  |a Texas A&M University  |b Galveston Campus  |c Jack K. Williams Library  |d Galveston Stacks  |t 0  |e TD 171.3 .T4 T493 1996  |h Library of Congress classification  |i unmediated -- volume  |m 33620001078449 
952 f f |p normal  |a Texas A&M University  |b College Station  |c Sterling C. Evans Library  |d Evans: Texas Documents (Annex 5th floor)  |t 0  |e N330.8 L786 1996  |h Other scheme  |i unmediated -- volume  |m A14820654428 
998 f f |a N330.8 L786 1996  |t 0  |l Evans: Texas Documents (Annex 5th floor) 
998 f f |a TD 171.3 .T4 T493 1996  |t 0  |l Galveston Stacks